Представление документа в формате RUSMARC

ПолеНазваниеЗначение
  Тип записи c
  Библиографический уровень m
001 Контрольный номер UONB/MAIN/451121a366b741d2b05b61c232faf550
005 Дата корректировки 20240723115430.6
010 Индекс ISBN __
9 Тираж 100000 экз.
013 Номер (ISMN) __
d Цена 1 р. 27 к.
071 Издательские номер (звукозапись и ноты) 21
a Номер, присвоенный агентством 1221
100 Данные общей обработки __
a Данные общей обработки 20240723d1973 u y0rusy0189 ca
101 Язык документа 0_
a Язык текста rus
f Язык титульного листа rus
102 Страна публикации __
a Страна публикации RU
125 Кодированные данные звукозаписи и нотных изданий __
a Форма изложения нотного текста с
128 Кодированные данные (звукозаписи-физические характеристики) __
a Кодированные данные: Музыкальная форма и тональность или лад st
c Инструменты или голоса, рекомендуемые для солистов (устаревшее) ka
200 Заглавие и сведения об ответственности 1_
a Заглавие Школа беглости
e Сведения, относящиеся к заглавию Op. 299
e Сведения, относящиеся к заглавию для фортепиано
f Первые сведения об ответственности К. Черни
203 Вид содержания и тип средства __
a Вид содержания Музыка
b Характеристика содержания знаковая
c Тип средства непосредственная
210 Выходные данные 1_
a Место издания Москва
c Издательство Музыка
d Дата издания 1973
215 Физическое описание __
a Объем 103 с.
d Формат 29 см
512 Заглавие обложки 1_
a Заглавие обложки Школа беглости
606 Тематические рубрики 0_
a Основная рубрика Фортепианная музыка
x Основная подрубрика Этюды
610 Ключевые слова 0_
a Ключевые слова фортепиано; этюды; Черни К.
686 Индексы других классификаций __
a Классификационный индекс 85.954.294(3)
2 Код системы rubbk
700 Автор _1
a Фамилия Черни
b Имя (инициалы) К.
g Полное личное имя Карл
f Даты 1791-1857
801 Источник записи _0
a Страна RU
b Организация Ульяновская ОНБ
c Дата составления 20240723
g Правила каталогизации RCR
801 Источник записи _1
a Страна RU
b Организация Ульяновская ОНБ
c Дата составления 20240723
g Правила каталогизации RCR
901 Тип документа __
t Тип документа m
909 Создатель записи __
a Создатель записи Грязнова И. Е.
b Дата создания записи 20240723